Geography with Aa-Az - Statistics

General Stats
  • This quiz has been taken 28 times
  • The average score is 17 of 26
Answer Stats
Hint Answer % Correct
Capital of the United Arab Emirates Ab Abu Dhabi
100%
First country alphabetically Af Afghanistan
100%
Biggest US State Al Alaska
100%
The United States of ______ Am America
100%
Capital of Greece At Athens
100%
Country considered a continent by some Au Australia
100%
Sea between Italy and Croatia Ad Adriatic Sea
96%
Sea between Greece and Turkey Ae Aegean Sea
96%
Country whose capital is Luanda An Angola
96%
Capital of Ghana Ac Accra
88%
City in which the Taj Mahal lies Ag Agra
88%
Country in the Caucasus Ar Armenia
88%
Country in Asia Az Azerbaijan
88%
Also known as Uluru in Australia Ay Ayer's Rock
85%
Capital of Samoa Ap Apia
69%
Major city in Gujarat, India Ah Ahmedabad
58%
Capital City of Eritrea As Asmara
58%
Semi-autonomous region in Northwestern Italy Ao Aosta Valley
54%
An underground layer of water-bearing rock. Aq Aquifer
54%
Longest river entirely within Switzerland Aa Aare
31%
A medieval walled city in central Spain Av Avila
27%
Ancient city in Ethiopia Ax Axum
27%
Empire in Ancient Mesopotamia Ak Akkadian Empire
19%
One of the cook islands Ai Aitutaki
8%
City in Rajasthan, India, known for the Sharif Dargah shrine Aj Ajmer
8%
A town in Ghana known for its bauxite mining Aw Awaso
8%
No matching quizzes found
Score Distribution
Percent of People with Each Score
Percentile by Number Answered
Your Score History
You have not taken this quiz